[Event "National Congress 29th"]
[Site "Philadelphia"]
[Date "1998.11.28"]
[Round "3"]
[White "Kreiman, Boris"]
[Black "Karklins, Andrew"]
[Result "1-0"]
[WhiteElo "2455"]
[BlackElo "2305"]

1.e4 c5 2.Nf3 Nc6 3.d4 cxd4 4.Nxd4 Nf6 5.Nc3 d6 6.Bg5 e6 7.Qd2 a6 8.O-O-O h6
9.Be3 Ng4 10.Nxc6 bxc6 11.Bc5 d5 12.Bxf8 Kxf8 13.h3 Nf6 14.f4 Rb8 15.g4 Qa5
16.Bg2 Qb4 17.b3 a5 18.f5 Ba6 19.Rhe1 a4 20.fxe6 fxe6 21.exd5 exd5 22.Re6 axb3
23.cxb3 Qc5 24.Qd4 Qxd4 25.Rxd4 Bb7 26.Na4 Kf7 27.Nc5 Ba8 28.Ra4 Rhe8 29.Ra7+ Kg6
30.Bf1 Rxe6 31.Nxe6 Ne8 32.Bd3+ Kf6 33.Nc5 Kg5 34.Nd7 Rd8 35.Nb6 Kh4 36.Rxa8 Rxa8
37.Nxa8 Kxh3 38.Bf5 Nd6 39.Bd7 c5 40.Nb6 d4  1-0

[Event "NRW-Liga II 9899"]
[Site "GER"]
[Date "1998.12.03"]
[Round "3"]
[White "Rieke, Theo"]
[Black "Reinartz, Georg"]
[Result "1/2-1/2"]
[WhiteElo "2210"]
[BlackElo "2300"]

1.e4 c5 2.Nf3 Nc6 3.d4 cxd4 4.Nxd4 Nf6 5.Nc3 d6 6.Bg5 e6 7.Qd2 Be7 8.O-O-O O-O
9.f4 h6 10.Bxf6 Bxf6 11.Nxc6 bxc6 12.Qxd6 Qb6 13.e5 Rd8 14.Qa3 Qe3+ 15.Kb1 Rxd1+
16.Nxd1 Qxa3 17.bxa3 Be7 18.c3 Bxa3 19.Bc4 Rb8+ 20.Kc2 Bd7 21.Re1 Kf8 22.Re2 c5
23.Ne3 Ba4+ 24.Kd2 Rb1 25.Bd3 Rb2+ 26.Nc2 Bc6 27.Bc4 Ba4 28.Bd3 Bxc2  1/2-1/2

[Event "Budapest FS12 GM"]
[Site "Budapest"]
[Date "1998.12.07"]
[Round "3"]
[White "Horvath, Adam"]
[Black "Toth, Andras"]
[Result "0-1"]
[WhiteElo "2455"]
[BlackElo "2330"]

1.e4 c5 2.Nf3 d6 3.d4 cxd4 4.Nxd4 Nf6 5.Nc3 Nc6 6.Bg5 e6 7.Qd3 a6 8.O-O-O Bd7
9.Be2 Be7 10.f4 Rc8 11.Nb3 Qc7 12.Kb1 b5 13.Bf3 h6 14.h4 b4 15.Ne2 hxg5 16.hxg5 Rxh1
17.Rxh1 Ng8 18.Rh8 Kf8 19.e5 g6 20.Be4 d5 21.Bxg6 Nxe5 22.fxe5 Qxe5 23.Qh3 fxg6
24.Qh7 Qg7 25.Nf4 Qxh7 26.Rxh7 Bxg5 27.Nxg6+ Ke8 28.Rh8 Rc7 29.Ne5 Kf8 30.Rh7 Nf6
31.Rf7+ Ke8 32.Rg7 Bf4 33.Ng6 Bb5  0-1

[Event "Budapest FS12 IM-A"]
[Site "Budapest"]
[Date "1998.12.10"]
[Round "6"]
[White "Szalanczy, Emil"]
[Black "Dembo, Yelena"]
[Result "1-0"]
[WhiteElo "2370"]
[BlackElo "2165"]

1.e4 c5 2.Nf3 Nc6 3.d4 cxd4 4.Nxd4 Nf6 5.Nc3 d6 6.Bg5 e6 7.Qd2 a6 8.O-O-O h6
9.Be3 Be7 10.f3 Bd7 11.g4 b5 12.Bd3 b4 13.Nce2 a5 14.Kb1 Ne5 15.h4 Nxd3 16.Qxd3 g6
17.Nb5 Bxb5 18.Qxb5+ Kf8 19.Bd4 Rh7 20.Rd2 Nd7 21.h5 g5 22.Rhd1 Qc7 23.Nc1 Kg8
24.Nd3 Bf8 25.Ne1 Rb8 26.Qd3 Be7 27.Ng2 Rc8 28.Ne3 Bf8 29.b3 Nc5 30.Bxc5 Qxc5
31.Nc4 Rd8 32.Qd4 Qb5 33.Qb6 Qxb6 34.Nxb6 f6 35.Nc4 Rhd7 36.Nxa5 Ra8 37.Nc6 Rb7
38.Rd4 d5 39.exd5 exd5 40.Rxd5 Ra6 41.Nd4 Rba7 42.Nb5 Rb7 43.R1d4 Re6 44.Re4 Reb6
45.c4 Kf7  1-0

[Event "Clichy"]
[Site "Clichy"]
[Date "1998.12.13"]
[Round "2"]
[White "Fontaine, Robert"]
[Black "Gross, David2"]
[Result "1/2-1/2"]
[WhiteElo "2360"]
[BlackElo "2340"]

1.e4 c5 2.Nf3 Nc6 3.d4 cxd4 4.Nxd4 Nf6 5.Nc3 d6 6.Bg5 e6 7.Qd2 a6 8.O-O-O h6
9.Nxc6 bxc6 10.Bf4 d5 11.Qe3 Bb4 12.Be2 Qa5 13.Be5 Bxc3 14.Bxc3 Qxa2 15.Bxf6 gxf6
16.Qc3 Rb8 17.b3 Qa3+ 18.Kb1 Ke7 19.Rhe1 Qb4 20.Qg3 Bd7 21.exd5 cxd5 22.Bh5 Rhc8
23.Re3 Qc5 24.Re2 Bb5 25.Red2 Qc3 26.Qxc3 Rxc3 27.Be2 f5 28.Kb2 Rc6 29.Bxb5 axb5
30.Rd4 Rbc8 31.R1d2 Kf6 32.f4 h5 33.R4d3 Rg8 34.Rh3 Rg4 35.Rf2 h4 36.Rc3 Rxc3
37.Kxc3 e5 38.Kb4 e4 39.Kxb5 e3 40.Re2 d4 41.g3 hxg3 42.hxg3 Rxg3 43.Kc4 Rf3
44.Kxd4 Rxf4+ 45.Kxe3 Rf1 46.Rf2 Rd1 47.Kf3 Ke5 48.Re2+ Kd4 49.Re7 Rc1 50.Rd7+ Ke5
51.Rc7 f6 52.Rc5+ Kd4 53.b4 Rb1 54.c3+ Kd3 55.Rc6 Rf1+ 56.Kg2 Rb1 57.Kg3 Rg1+
58.Kf2 Rb1 59.Rc5 Ke4 60.Rc4+  1/2-1/2

[Event "BL2-W9899"]
[Site "Germany"]
[Date "1998.12.13"]
[Round "3.4"]
[White "Van den Doel, Erik"]
[Black "Boidman, Yuri"]
[Result "1-0"]
[WhiteElo "2485"]
[BlackElo "2405"]

1.e4 c5 2.Nf3 Nc6 3.d4 cxd4 4.Nxd4 Nf6 5.Nc3 d6 6.Bg5 e6 7.Qd2 a6 8.O-O-O Bd7
9.f3 b5 10.h4 h6 11.Be3 b4 12.Nxc6 Bxc6 13.Ne2 d5 14.Nd4 Qc7 15.e5 Nd7 16.f4 Nc5
17.g4 a5 18.Bg2 Be7 19.Kb1 h5 20.Qe2 hxg4 21.Qxg4 g6 22.h5 gxh5 23.Qg7 O-O-O
24.Nxc6 Qxc6 25.Qxf7 Qe8 26.Qxe8 Rdxe8 27.f5 Reg8 28.Bh3 Rg3 29.Bxc5 Bxc5
30.f6 d4 31.Bxe6+ Kc7 32.Bc4 h4 33.e6 Rf3 34.Rdf1 Rxf1+ 35.Rxf1 h3 36.e7 h2
37.Rh1 d3 38.cxd3  1-0

[Event "Gudmundur Arason op 4th"]
[Site "Hafnarfjordur"]
[Date "1998.12.19"]
[Round "6"]
[White "Yemelin, Vasily"]
[Black "Thorfinnsson, Bragi"]
[Result "1/2-1/2"]
[WhiteElo "2510"]
[BlackElo "2235"]

1.e4 c5 2.Nf3 d6 3.d4 cxd4 4.Nxd4 Nf6 5.Nc3 Nc6 6.Bg5 e6 7.Qd2 a6 8.O-O-O h6
9.Be3 Qc7 10.f3 Rb8 11.g4 Ne5 12.h4 b5 13.Qg2 g6 14.Kb1 b4 15.Nce2 Nc4 16.Bc1 e5
17.Nb3 a5 18.Ng3 Be6 19.Bxc4 Bxc4 20.g5 Nd7 21.Be3 h5 22.Nf1 a4 23.Nc1 Be7
24.Qf2 Be6 25.f4 exf4 26.Bd4 Ne5 27.Qxf4 O-O 28.Ne3 Rfc8 29.Rd2 Bf8 30.b3 Bg7
31.Rhd1 Ra8 32.Ba1 Ra6 33.Qf1 Rc6 34.Ne2 Ng4 35.Nxg4 Bxg4 36.Bxg7 Kxg7 37.Qf6+ Kg8
38.Rc1 Bxe2 39.Rxe2 axb3 40.axb3 Rc3 41.Kb2 Rh3 42.Qd4 Qc3+ 43.Qxc3 bxc3+
44.Ka3 Rxh4 45.Rd1 Rg4 46.Rd5 h4 47.b4 Kg7 48.b5 h3 49.Rh2 Rh8 50.Rd3 Rxg5
51.Kb4 Rhh5 52.b6 Rb5+ 53.Kxc3 Rxb6 54.Rdxh3 Rxh3+ 55.Rxh3 Kf6 56.Kd4 Ke6
57.Rh8 Rb7 58.c4 Rb1 59.Re8+ Kd7 60.Ra8 Rd1+ 61.Ke3 Rc1 62.Kd4 g5 63.Rg8 f6
64.Rf8 Ke7 65.Rc8 Rg1 66.Rc7+ Ke6 67.c5 dxc5+ 68.Rxc5 Rf1 69.Rc7 Rf3 70.Ra7 g4
71.Rg7 g3 72.Rg6 Kf7 73.Rg4 Ra3 74.Kd5 Ra5+ 75.Kd4 Ra3 76.Kd5 Ra5+ 77.Kd4 Rg5
78.Rxg5 fxg5 79.Ke3 g4 80.Ke2 Kf6 81.Kf1 Ke5 82.Kg2 Kxe4 83.Kxg3  1/2-1/2

[Event "Groningen op"]
[Site "Groningen"]
[Date "1998.12.20"]
[Round "11"]
[White "Vehi Bach, Victor Manuel"]
[Black "Sherbakov, Ruslan"]
[Result "1/2-1/2"]
[WhiteElo "2390"]
[BlackElo "2555"]

1.e4 c5 2.Nf3 Nc6 3.d4 cxd4 4.Nxd4 Nf6 5.Nc3 d6 6.Bg5 e6 7.Qd2 Be7 8.O-O-O O-O
9.f4 Nxd4 10.Qxd4 Qa5 11.Bc4 Bd7 12.e5 dxe5 13.fxe5 Bc6 14.Bd2 Nd7 15.Nd5 Qd8
16.Nxe7+ Qxe7 17.Rhe1 Rfd8 18.Qg4 Nf8 19.Bd3 Rd5 20.Bb4 Qd8 21.Be4 Rxd1+
22.Rxd1 Qb6 23.Bxc6 Qxc6 24.Bxf8 Rxf8 25.Rd3 Qa6 26.a3 Rc8 27.Kb1 h6 28.Qe4 Qb5
29.h4 Qc5 30.Rd7 b5 31.b4 Qb6 32.Qb7 Qg1+ 33.Kb2 Rf8 34.Qxb5 Qxg2 35.Qd3 Qa8
36.Qd4 a6 37.h5 Rc8 38.Qf2 Rf8 39.Qd4 Rc8 40.Qf2 Rf8 41.Qd4  1/2-1/2

[Event "Groningen op"]
[Site "Groningen"]
[Date "1998.12.21"]
[Round "2"]
[White "Shahade, Gregory"]
[Black "Baklan, Vladimir"]
[Result "0-1"]
[WhiteElo "2355"]
[BlackElo "2585"]

1.e4 c5 2.Nf3 d6 3.d4 cxd4 4.Nxd4 Nf6 5.Nc3 Nc6 6.Bg5 e6 7.Qd2 a6 8.O-O-O h6
9.Be3 Bd7 10.f4 b5 11.Bd3 Qc7 12.Kb1 Na5 13.Qe1 Nc4 14.Bc1 b4 15.Nce2 Rb8
16.h3 g6 17.Ng3 Bg7 18.Qe2 Na3+ 19.Ka1 Nh5 20.Nxh5 Bxd4 21.Ng3 Ba4 22.Rd2 Ke7
23.Nf1 Rhc8 24.Ne3 Qc5 25.Re1 Rc7 26.Rdd1 Rbc8 27.f5 Bxc2 28.Nxc2 Nxc2+ 29.Bxc2 Qxc2
30.Qxc2 Rxc2 31.Kb1 Be5  0-1

[Event "Groningen op"]
[Site "Groningen"]
[Date "1998.12.22"]
[Round "3"]
[White "Luther, Thomas"]
[Black "Peek, Marcel"]
[Result "1/2-1/2"]
[WhiteElo "2560"]
[BlackElo "2335"]

1.e4 c5 2.Nf3 d6 3.d4 cxd4 4.Nxd4 Nf6 5.Nc3 Nc6 6.Bg5 e6 7.Qd2 Be7 8.O-O-O Nxd4
9.Qxd4 O-O 10.f3 a6 11.h4 b5 12.Qd2 Qa5 13.Kb1 b4 14.Ne2 e5 15.Nc1 Be6 16.g4 Rad8
17.Qe1 d5 18.Bxf6 Bxf6 19.g5 Be7 20.Bh3 Bxh3 21.Rxh3 Qb5 22.Nd3 a5 23.f4 exf4
24.e5 Rfe8 25.Rf3 Bf8 26.Rxf4 Rd7 27.h5 Qb6 28.Qe2 a4 29.Rdf1 b3 30.cxb3 axb3
31.a3 Rc7 32.Qf3 Qe6 33.Qg4 Qa6 34.Qf3 Qe6  1/2-1/2

[Event "Groningen op"]
[Site "Groningen"]
[Date "1998.12.26"]
[Round "6"]
[White "Dean, Jim H"]
[Black "Almasi, Istvan"]
[Result "1/2-1/2"]
[WhiteElo "2340"]
[BlackElo "2450"]

1.e4 c5 2.Nf3 d6 3.d4 cxd4 4.Nxd4 Nf6 5.Nc3 Nc6 6.Bg5 e6 7.Qd2 Be7 8.O-O-O Nxd4
9.Qxd4 O-O 10.f4 Qa5 11.Bc4 Bd7 12.e5 dxe5 13.fxe5 Bc6 14.Bd2 Nd7 15.Nd5 Qd8
16.Nxe7+ Qxe7 17.Rhe1 Rfd8 18.Qg4 Nf8 19.Bd3 Rxd3 20.cxd3 Qd7 21.Bb4 Ng6
22.Bd6 f5 23.Qe2 Bd5 24.Kb1 Qc6 25.Rg1 a5 26.Qf2 Qa4 27.b3 Qf4 28.Qxf4 Nxf4
29.g3 Ne2 30.Rge1 Nc3+ 31.Kb2 Nxd1+ 32.Rxd1 Kf7 33.Rc1 Bc6 34.Kc3 g5 35.Kd2 f4
36.gxf4 gxf4 37.Rg1 Rg8 38.Rxg8 Kxg8 39.Bc7 a4 40.bxa4 Bxa4 41.Ke2 Bc6 42.a3 Kf7
43.Kf2 Kg6  1/2-1/2

[Event "Trinec op"]
[Site "Trinec"]
[Date "1998.12.27"]
[Round "2"]
[White "Walek, Milan"]
[Black "Chernyshov, Konstantin"]
[Result "1-0"]
[WhiteElo "2295"]
[BlackElo "2485"]

1.e4 c5 2.Nf3 Nc6 3.d4 cxd4 4.Nxd4 Nf6 5.Nc3 d6 6.Bg5 e6 7.Qd2 a6 8.O-O-O h6
9.Bf4 Bd7 10.Nxc6 Bxc6 11.f3 Qa5 12.Kb1 O-O-O 13.Bc4 b5 14.Bb3 b4 15.Ne2 d5
16.Nd4 Bb7 17.Rc1 Rd7 18.c3 Kd8 19.Qf2 dxe4 20.cxb4 Bxb4 21.a3 Bxa3 22.bxa3 e5
23.Bd2 Qxa3 24.Nc6+ Bxc6 25.Qb6+ Ke8 26.Ba5 Rd3 27.Qb8+ Ke7 28.Bb4+  1-0

[Event "Rilton Cup 9899"]
[Site "Stockholm"]
[Date "1998.12.29"]
[Round "2"]
[White "Hermansson, Emil"]
[Black "Stefansson, Hannes"]
[Result "0-1"]
[WhiteElo "2340"]
[BlackElo "2535"]

1.e4 c5 2.Nf3 Nc6 3.d4 cxd4 4.Nxd4 Nf6 5.Nc3 d6 6.Bg5 e6 7.Qd2 a6 8.O-O-O h6
9.Be3 Be7 10.f4 Bd7 11.Kb1 b5 12.Bd3 Qc7 13.h3 Nxd4 14.Bxd4 Bc6 15.e5 dxe5
16.fxe5 Nd7 17.Qf4 f5 18.Rhg1 Nc5 19.g4 Nxd3 20.cxd3 g5 21.Qf2 Rf8 22.Bb6 Qb7
23.Qd4 fxg4 24.hxg4 Rf4 25.Qe3 Rf3 26.Qd4 Qd7 27.Ne2 Rb8 28.Bc5 Qxd4 29.Bxd4 Rh3
30.Nc1 b4 31.Rd2 Bb5 32.Rc2 Rxd3 33.Nxd3 Bxd3 34.Kc1 Bxc2 35.Kxc2 Rd8 36.Bf2 Rd5
37.Re1 Kf7 38.Re4 Kg6 39.Be1 a5 40.Kb3 h5 41.gxh5+ Kxh5 42.Ka4 Kg6  0-1

[Event "Rilton Cup 9899"]
[Site "Stockholm"]
[Date "1998.12.31"]
[Round "4"]
[White "Meijers, Viesturs"]
[Black "Johansson, Gunnar"]
[Result "0-1"]
[WhiteElo "2410"]
[BlackElo "2220"]

1.e4 c5 2.Nf3 Nc6 3.d4 cxd4 4.Nxd4 Nf6 5.Nc3 d6 6.Bg5 e6 7.Qd2 a6 8.Be2 h6
9.Be3 Bd7 10.O-O Be7 11.f4 Qc7 12.Kh1 b5 13.a3 Nxd4 14.Bxd4 O-O 15.Rf3 Bc6
16.Rg3 Kh8 17.Bf3 Qb7 18.Re1 Rad8 19.Qf2 a5 20.b4 axb4 21.axb4 d5 22.exd5 exd5
23.Rh3 Ng8 24.f5 Rfe8 25.g4 Bf6 26.Rg1 Bg5 27.Rh5 Qe7 28.Nd1 Nf6 29.h4 Bf4
30.g5 Nxh5 31.Bxh5 Qe4+ 32.Bf3 Qxf5 33.Bg2 hxg5 34.Nc3 Qh7 35.Bh3 Be5 36.Rxg5 Bxd4
37.Qxd4 Rd6 38.Bf5 Qh6 39.Qg4 d4+ 40.Ne4 Kg8 41.Kh2 Bxe4 42.Bxe4 Qf6 43.Kg2 Rde6
44.Bd3 Re5 45.Bxb5 Rxb5  0-1

[Event "AUT-chT2W 9798"]
[Site "Austria"]
[Date "1998.??.??"]
[Round "9"]
[White "Kupfner, Franz"]
[Black "Grundherr, Martin"]
[Result "1/2-1/2"]
[WhiteElo "2125"]
[BlackElo "2340"]

1.e4 c5 2.Nf3 d6 3.d4 cxd4 4.Nxd4 Nf6 5.Nc3 Nc6 6.Bg5 Bd7 7.Be2 Qa5 8.Bxf6 gxf6
9.O-O Rg8 10.Re1 Nxd4 11.Qxd4 Rc8 12.Nd5 Qc5 13.Qxc5 Rxc5 14.c3 Bg7 15.Rad1 Kf8
16.Bf1 Bh6 17.f3 Be6 18.Rd4 Bxd5 19.exd5 Rg5 20.Rh4 Bg7 21.Ra4 a6 22.Rb4 Rc7
23.Bxa6 Rxd5 24.Bxb7 Rd2 25.a4 Rc5 26.Ba6 e6 27.Re2 Rd1+ 28.Kf2 f5 29.Rb8+ Ke7
30.Rb7+ Kf8 31.Rb8+ Ke7 32.Rb7+ Kf8 33.Re1 Rd2+ 34.Re2 Rd1 35.g3 d5 36.Rb8+ Ke7
37.Rb7+ Kf8 38.Re1 Rd2+ 39.Re2 Rd1 40.Rb5 Rxb5 41.Bxb5 d4 42.cxd4 Bxd4+ 43.Kg2 Rb1
44.a5 Rxb2 45.Rxb2 Bxb2 46.a6 Bd4 47.Kf1 Ke7 48.Ke2 h6 49.Kd3 Ba7 50.Kc4 Kd6
51.Be8 Ke7 52.Ba4 Kd6 53.h4 Bf2 54.h5  1/2-1/2

[Event "Bayern-ch Bank Hofmann 2nd"]
[Site "Bad Wiesse"]
[Date "1998.??.??"]
[Round "8"]
[White "Guth, Thomas"]
[Black "Meyer, Hartmut"]
[Result "1-0"]
[WhiteElo "2250"]
[BlackElo "2140"]

1.e4 c5 2.Nf3 d6 3.d4 cxd4 4.Nxd4 Nf6 5.Nc3 Nc6 6.Bg5 e6 7.Qd2 a6 8.O-O-O h6
9.Bf4 Bd7 10.Nxc6 Bxc6 11.Qe1 Qc7 12.Kb1 Be7 13.f3 O-O 14.g4 Nd7 15.Qg3 Ne5
16.h4 b5 17.h5 f6 18.Bc1 Rfc8 19.f4 Bxe4 20.Rh2 Bh7 21.fxe5 dxe5 22.Bd3 Bxd3
23.Rxd3 Qa5 24.Rd7 Bb4 25.Ne4 Rc4 26.Qd3 Rf8 27.Bxh6 Be7 28.Bd2 Qb6 29.Be3 Qc6
30.Rxe7 Rxe4 31.h6 g6 32.b3 Rxg4 33.h7+ Kh8 34.Bh6  1-0

[Event "Bad Zwesten op"]
[Site "Bad Zwesten"]
[Date "1998.??.??"]
[Round "4"]
[White "Kreiman, Boris"]
[Black "Mainka, Romuald"]
[Result "1-0"]
[WhiteElo "2465"]
[BlackElo "2520"]

1.e4 c5 2.Nf3 Nc6 3.d4 cxd4 4.Nxd4 Nf6 5.Nc3 d6 6.Bg5 e6 7.Qd2 Be7 8.O-O-O Nxd4
9.Qxd4 a6 10.f4 b5 11.Be2 Bb7 12.Bf3 Rc8 13.Bxf6 gxf6 14.f5 Rc5 15.Kb1 Qc7
16.Qd2 h5 17.fxe6 fxe6 18.Ne2 Bf8 19.Nf4 Kf7 20.Qe2 h4 21.Rhf1 Be7 22.Bh5+ Rcxh5
23.Nxh5 Qc4 24.Qxc4 bxc4 25.Nxf6 Kg6 26.e5 Bxg2 27.Rfe1 d5 28.Rd4 h3 29.Rg4+ Kf5
30.Rg7 Bxf6 31.Rf7 Rh6 32.Kc1 Kg5 33.exf6 Rxf6 34.Re5+ Kg6 35.Rxf6+ Kxf6
36.Rh5 e5 37.Kd2 d4 38.c3 Ke6 39.Rh6+ Kf5 40.Rxa6 Kf4 41.Rf6+ Ke4 42.a4 Kd5
43.a5 e4 44.cxd4 Kxd4 45.a6  1-0

[Event "Bad Zwesten op"]
[Site "Bad Zwesten"]
[Date "1998.??.??"]
[Round "5"]
[White "Luther, Thomas"]
[Black "Epishin, Vladimir"]
[Result "1-0"]
[WhiteElo "2525"]
[BlackElo "2570"]

1.e4 c5 2.Nf3 d6 3.d4 cxd4 4.Nxd4 Nf6 5.Nc3 Nc6 6.Bg5 e6 7.Qd2 a6 8.O-O-O Nxd4
9.Qxd4 Be7 10.h4 Bd7 11.f3 b5 12.Kb1 Qb8 13.Qd2 h6 14.Be3 Bc6 15.Bd3 d5 16.exd5 b4
17.dxc6 bxc3 18.Qxc3 Nd5 19.Qe1 Bf6 20.Bc1 O-O 21.g4 Rc8 22.g5 Bc3 23.Qe4 g6
24.Qc4 Qb6 25.Be4 Rab8 26.b3 Rxc6 27.Qe2 Rbc8 28.Bxd5 exd5 29.Rxd5 Bg7 30.Rd2 Qa5
31.Bb2 Bxb2 32.Kxb2 hxg5 33.hxg5 Qxg5 34.Qh2 Qf6+ 35.Kb1 Qg7 36.Qh4 Qf6 37.Qh7+ Kf8
38.Qh8+ Qxh8 39.Rxh8+ Ke7 40.Rxc8 Rxc8 41.Kb2 f5 42.f4 Ke6 43.c4 g5 44.fxg5 f4
45.Kc3 Kf5 46.b4 f3 47.a4 Rf8 48.b5 Ke4 49.b6 a5 50.g6 f2 51.Re2+ Kf3 52.Rxf2+ Kxf2
53.b7 Rb8 54.g7 Ke3 55.c5  1-0

[Event "Regionalliga NO9899"]
[Site "Bayern"]
[Date "1998.??.??"]
[Round "?"]
[White "Teslia, Vladimir"]
[Black "Fink, Martin"]
[Result "1-0"]
[WhiteElo "2225"]
[BlackElo "1890"]

1.e4 c5 2.Nf3 Nc6 3.d4 cxd4 4.Nxd4 d6 5.Nc3 Nf6 6.Bg5 Bd7 7.Be2 h6 8.Be3 g6
9.O-O Bg7 10.f4 O-O 11.Kh1 Rc8 12.Nxc6 Bxc6 13.Bf3 Qa5 14.Qd2 Kh7 15.Rfd1 Nh5
16.f5 gxf5 17.Bxh5 f4 18.Nd5 Qa4 19.Bxf4 Bxd5 20.exd5 Bxb2 21.Rab1 Rxc2 22.Qd3+ f5
23.Re1 e5 24.dxe6 Be5 25.Bxe5  1-0

[Event "Landesliga Nord9798"]
[Site "Bayern"]
[Date "1998.??.??"]
[Round "?"]
[White "Beuchler, Holger"]
[Black "Luft, Josef"]
[Result "1/2-1/2"]
[WhiteElo "2095"]
[BlackElo "2115"]

1.e4 c5 2.Nf3 Nc6 3.d4 cxd4 4.Nxd4 Nf6 5.Nc3 d6 6.Bg5 e6 7.Qd2 a6 8.O-O-O Bd7
9.f4 Be7 10.Nf3 b5 11.Bxf6 Bxf6 12.Qxd6 Be7 13.Qd2 b4 14.Ne2 Ra7 15.e5 Qb6
16.Ng3 O-O 17.Ne4 Rd8 18.Qf2 Qa5 19.Bc4 Qc7 20.Bd3 b3 21.axb3 Nb4 22.Nc3  1/2-1/2

[Event "Regionalliga NO9798"]
[Site "Bayern"]
[Date "1998.??.??"]
[Round "?"]
[White "Oravecz, Imre"]
[Black "Fink, Martin"]
[Result "0-1"]
[WhiteElo "1965"]
[BlackElo "1910"]

1.Nf3 c5 2.e4 Nc6 3.d4 cxd4 4.Nxd4 d6 5.Nc3 Nf6 6.Bg5 Qb6 7.Nb3 Bd7 8.Be2 Rc8
9.O-O h6 10.Bxf6 gxf6 11.Nd5 Qd8 12.Bg4 Bg7 13.Bxd7+ Qxd7 14.f4 f5 15.exf5 Bxb2
16.Rb1 Bg7 17.Qd3 Rg8 18.Rbe1 Bh8 19.Rf3 e6 20.Rfe3 Nd8 21.Qe4 Kf8 22.fxe6 fxe6
23.Nb4 Bc3 24.Rxc3 Rxc3 25.Qd4 Rc7 26.Qxa7 Nc6 27.Nxc6 Qxc6 28.Re2 Rcg7 29.g3 Qf3
30.Rf2 Rxg3+  0-1

[Event "Regionalliga SO9899"]
[Site "Bayern"]
[Date "1998.??.??"]
[Round "?"]
[White "Dost, Andreas"]
[Black "Danzer, George"]
[Result "1/2-1/2"]
[WhiteElo "1895"]
[BlackElo "1915"]

1.e4 c5 2.Nf3 Nc6 3.d4 cxd4 4.Nxd4 Nf6 5.Nc3 d6 6.Bg5 e6 7.Qd2 Be7 8.O-O-O O-O
9.f4 Nxd4 10.Qxd4 Qa5 11.e5 dxe5 12.Qxe5 Qxe5 13.fxe5 Nd5 14.Bd2 Nxc3 15.Bxc3 b6
16.Be2 Bb7 17.Bf3 Bxf3 18.gxf3 Rfd8 19.Rd3 Kf8 20.Rg1 h5 21.Kd2 Bc5 22.Rd1 Rxd3+
23.cxd3 Ke8 24.d4 Be7 25.Ke3 Rd8 26.Rg1 g6 27.Ke4 Rd5 28.Rc1 Kd7 29.Bd2 a6
30.Rc2 Bd8 31.Bb4 a5 32.Bd6 f5+ 33.Ke3 g5 34.h3 b5 35.Bc5 Kc6 36.Bf8+ Kb7
37.Bh6 Bb6 38.Rd2 Rxe5+ 39.Kf2 f4 40.Bg7 Rd5 41.Ke2 Kc6 42.Bf6 Rf5 43.Be5 Kd5
44.Kd3 Rf8 45.Rc2 g4 46.hxg4 hxg4 47.fxg4 Rg8 48.Rg2 f3 49.Rg3 f2 50.Ke2 Rg5
51.Bf6 Rg6 52.g5 Bxd4 53.Bxd4 Kxd4 54.Kxf2 Ke4 55.Re3+ Kf4 56.Ke2 e5 57.Rf3+ Kxg5
58.Ke3 Rf6 59.Rg3+ Kf5 60.Rg8 Rb6 61.Rf8+ Ke6 62.Ke4 Rc6  1/2-1/2

[Event "Regionalliga SW9798"]
[Site "Bayern"]
[Date "1998.??.??"]
[Round "?"]
[White "Pruefer, Stefan"]
[Black "Schuele, Herbert"]
[Result "1/2-1/2"]
[WhiteElo "1640"]
[BlackElo "1960"]

1.e4 c5 2.Nf3 d6 3.d4 cxd4 4.Nxd4 Nf6 5.Nc3 Nc6 6.Bg5 e6 7.Qd2 Be7 8.O-O-O O-O
9.Kb1 Nxd4 10.Qxd4 Nxe4 11.Nxe4 Bxg5 12.h4 Be7 13.Nxd6 Qc7 14.Nb5 Qa5 15.Qe4 a6
16.Nd4 f5 17.Qe1 Qxe1 18.Rxe1 Rd8 19.c3 Bc5 20.Nxe6 Bxe6 21.Rxe6 Bxf2 22.Bc4 Kf8
23.Rf1 Rd2 24.Be2 Bxh4 25.Rxf5+ Bf6 26.Bf3 Rb8 27.Rb6 Rd7 28.c4 Ke7 29.c5 Bd4
30.b4 Kd8 31.Bc6 Re7 32.Rd5+ Kc7 33.Rxd4 bxc6 34.Rxa6 Re1+ 35.Kc2 Re2+ 36.Kd3 Rxg2
37.Ra7+ Rb7 38.Rxb7+ Kxb7 39.a4 h5 40.Ke3 g5  1/2-1/2

[Event "Bechhofen opJ "]
[Site "Bechhofen"]
[Date "1998.??.??"]
[Round "?"]
[White "Madl, Ildiko"]
[Black "Dobos, Jozsef"]
[Result "1/2-1/2"]
[WhiteElo "2380"]
[BlackElo "2380"]

1.e4 c5 2.Nf3 Nc6 3.d4 cxd4 4.Nxd4 Nf6 5.Nc3 d6 6.Bg5 e6 7.Qd2 Be7 8.O-O-O O-O
9.f3 h6 10.Bh4 e5  1/2-1/2

[Event "Bechhofen opJ "]
[Site "Bechhofen"]
[Date "1998.??.??"]
[Round "?"]
[White "Biro, Sandor"]
[Black "Madl, Ildiko"]
[Result "1/2-1/2"]
[WhiteElo "2345"]
[BlackElo "2380"]

1.e4 c5 2.Nf3 d6 3.d4 cxd4 4.Nxd4 Nf6 5.Nc3 Nc6 6.Bg5 e6 7.Qd2 a6 8.O-O-O Bd7
9.f4 h6 10.Bxf6 Qxf6 11.Nxc6 Bxc6 12.g3 O-O-O 13.Bh3  1/2-1/2

[Event "Bechhofen opJ "]
[Site "Bechhofen"]
[Date "1998.??.??"]
[Round "?"]
[White "Schneider, Henning"]
[Black "Madl, Ildiko"]
[Result "0-1"]
[WhiteElo "2220"]
[BlackElo "2380"]

1.e4 c5 2.Nf3 d6 3.d4 cxd4 4.Nxd4 Nf6 5.Nc3 Nc6 6.Bg5 e6 7.Qd2 a6 8.O-O-O Be7
9.f3 Bd7 10.h4 Rc8 11.Kb1 Qc7 12.Be3 h5 13.Bd3 Ne5 14.Qf2 b5 15.Rc1 Nc4 16.Bxc4 Qxc4
17.Nb3 b4 18.Na5 Qc7 19.Bb6 Qb8 20.Ne2 d5 21.c4 dxe4 22.Rhd1 O-O 23.Ng3 Bc6
24.Nxc6 Rxc6 25.Bd4 e3 26.Bxe3 b3 27.a3 Qc7 28.Bg5 Rxc4 29.Bxf6 Bxf6 30.Nxh5 Be5
31.f4 Rc8 32.Qe3 Bd4 33.Qd2 Rc2  0-1

[Event "Beersheba-St Petersburg"]
[Site "Beersheba"]
[Date "1998.??.??"]
[Round "1"]
[White "Aseev, Konstantin N"]
[Black "Avrukh, Boris"]
[Result "0-1"]
[WhiteElo "2565"]
[BlackElo "2525"]

1.e4 c5 2.Nf3 d6 3.d4 cxd4 4.Nxd4 Nf6 5.Nc3 Nc6 6.Bg5 e6 7.Qd2 a6 8.O-O-O h6
9.Be3 Be7 10.f4 Nxd4 11.Bxd4 b5 12.Bd3 b4 13.Ne2 e5 14.Be3 Qa5 15.Kb1 O-O
16.Rhf1 Rd8 17.fxe5 dxe5 18.Ng3 Bg4 19.Rde1 Be6 20.b3 Rac8 21.Qe2 Ne8 22.Qf2 Rc6
23.Nf5 Bxf5 24.Qxf5 Nd6 25.Qh5 Rf8 26.Rf2 Nb5 27.Ref1 Nc3+ 28.Kc1 g6 29.Qxh6 Rd6
30.a4 bxa3 31.Rf3 Rxd3 32.Rh3 Ne2+ 33.Kb1 a2+  0-1

[Event "Beersheba-St Petersburg"]
[Site "Beersheba"]
[Date "1998.??.??"]
[Round "4"]
[White "Greenfeld, Alon"]
[Black "Lugovoi, Aleksei"]
[Result "1-0"]
[WhiteElo "2530"]
[BlackElo "2540"]

1.e4 c5 2.Nf3 d6 3.d4 cxd4 4.Nxd4 Nf6 5.Nc3 Nc6 6.Bg5 e6 7.Qd2 Be7 8.O-O-O O-O
9.f4 Nxd4 10.Qxd4 a6 11.Be2 Qc7 12.e5 dxe5 13.Qxe5 Qxe5 14.fxe5 Nd5 15.Bxe7 Nxe7
16.Bf3 Rb8 17.Rhe1 b5 18.Ne4 Ng6 19.Nc5 b4 20.Rd6 Rb5 21.Rc6 a5 22.Rc7 Rb6
23.g3 f6 24.exf6 gxf6 25.Be4 f5 26.Bg2 Rd6 27.h4 Re8 28.Bc6 Rf8 29.h5 Nh8
30.Bd7 Bxd7 31.Nxd7 Rd8 32.Nf6+ Kf8 33.Nxh7+ Kg8 34.Nf6+ Kf8 35.Nh7+ Kg8
36.Ng5 e5 37.Rc5 Rd5 38.Rc7 R5d6 39.c3 bxc3 40.Rxe5 cxb2+ 41.Kxb2 Rd2+ 42.Rc2 R2d3
43.Rc3 Rd2+ 44.Ka3 R2d3 45.Rb3 a4 46.Rxd3 Rxd3+ 47.Kxa4 Rxg3 48.Rxf5 Rg2
49.a3 Rh2 50.Nf3 Rf2 51.Nd4 Rd2 52.Rd5 Nf7 53.Kb3 Rd3+ 54.Kb4 Ne5 55.Rxe5 Rxd4+
56.Kb5 Kf7 57.a4 Kf6 58.Re1 Rd5+ 59.Kb6 Rxh5 60.a5 Rh2 61.a6 Rb2+ 62.Kc7 Rc2+
63.Kb7 Rb2+ 64.Ka8 Kf7 65.a7 Kf8 66.Rc1 Ke7 67.Rc8 Kd6 68.Rb8 Rh2 69.Kb7 Rb2+
70.Kc8 Rc2+ 71.Kd8 Rh2 72.Rb6+ Kc5 73.Rc6+ Kxc6 74.a8=Q+ Kc5 75.Qa7+ Kd5
76.Qb7+ Kd4 77.Qg7+ Kd5 78.Qg5+ Kc6 79.Qf6+ Kb7 80.Qe7+ Ka8 81.Qe4+ Ka7 82.Qd4+  1-0

[Event "Beersheba-St Petersburg"]
[Site "Beersheba"]
[Date "1998.??.??"]
[Round "6"]
[White "Tseitlin, Mark D"]
[Black "Aseev, Konstantin N"]
[Result "1/2-1/2"]
[WhiteElo "2515"]
[BlackElo "2565"]

1.e4 c5 2.Nf3 d6 3.d4 cxd4 4.Nxd4 Nf6 5.Nc3 Nc6 6.Bg5 e6 7.Qd2 Be7 8.O-O-O O-O
9.f4 h6 10.Bh4 e5 11.Nf5 Bxf5 12.exf5 exf4 13.Kb1 d5 14.Bxf6 Bxf6 15.Nxd5 Be5
16.Bc4 b5 17.Bb3 a5 18.a3 a4 19.Ba2 b4 20.Nxb4 Qf6 21.Bd5 Nxb4 22.Bxa8 Rxa8
23.axb4 a3 24.c3 axb2 25.Qd5 Rc8 26.Rhe1 Bxc3 27.Re4 Bxb4 28.Rc4 Rxc4 29.Qxc4 Qxf5+
30.Kxb2 Be7 31.Qd5 Bf6+ 32.Kb3 Qc8 33.Rd3 g6 34.h3 Kg7 35.Rd2 Qc3+ 36.Ka4 f3
37.gxf3 Qc8 38.Rd3 Qxh3 39.Rb3 Qc8 40.Rb7 Qa8+ 41.Kb3 Qe8 42.Kc4 h5 43.Kd3 h4  1/2-1/2

[Event "Beersheba-St Petersburg"]
[Site "Beersheba"]
[Date "1998.??.??"]
[Round "11"]
[White "Tseitlin, Mark D"]
[Black "Lugovoi, Aleksei"]
[Result "0-1"]
[WhiteElo "2515"]
[BlackElo "2540"]

1.e4 c5 2.Nf3 d6 3.d4 cxd4 4.Nxd4 Nf6 5.Nc3 Nc6 6.Bg5 e6 7.Qd2 Be7 8.O-O-O Nxd4
9.Qxd4 a6 10.f4 b5 11.Bxf6 gxf6 12.e5 d5 13.f5 O-O 14.Bd3 fxe5 15.Qxe5 Bf6
16.Qg3+ Kh8 17.Qh3 Ra7 18.Rhf1 b4 19.Na4 e5 20.Bc4 Rd7 21.Bb3 Rd6 22.Kb1 e4
23.Rfe1 Be5 24.g4 Qa5 25.Qh5 Bd7 26.f6 Bxf6 27.Qh6 Be7 28.Qh5 f5 29.g5 Be8
30.Qh3 d4  0-1

[Event "Beersheba-St Petersburg"]
[Site "Beersheba"]
[Date "1998.??.??"]
[Round "11"]
[White "Greenfeld, Alon"]
[Black "Aseev, Konstantin N"]
[Result "1/2-1/2"]
[WhiteElo "2530"]
[BlackElo "2565"]

1.e4 c5 2.Nf3 d6 3.d4 cxd4 4.Nxd4 Nf6 5.Nc3 Nc6 6.Bg5 e6 7.Qd2 a6 8.O-O-O Bd7
9.f4 h6 10.Bh4 Be7 11.Nf3 Rc8 12.Kb1 Nb8 13.Bd3 Bc6 14.e5 Nfd7 15.Bxe7 Qxe7
16.exd6 Qxd6 17.f5 e5 18.Qe3 Qe7 19.Rhe1  1/2-1/2